00825nam a22001577a 4500008004100000020001800041050002100059100004200080245010200122250001800224260003300242300001800275505031100293650003100604650003200635161026s2011 mx ||||fr|||| 00| 0 spa d a978607170627004aHD7131bF47 20111 aFernández Ruíz, Silvestre eautor10aPrestaciones y servicios del IMSSb : cálculo y procedimientosc / Silvestre Fernández Ruíz a5a. edición3 aMéxicob : Trillasc, 2011 a361 páginas aSíntesis de las prestaciones y servicios que otorga la Ley del Seguro Social Fórmulas para calcular salario base de cotización, prestaciones en dinero, grado de riesgo y liquidación de cuotas obrero-patronales Formas e instrucciones de llenado Manual SUA 2000 Tópicos actuales de seguridad social14aSEGURIDAD SOCIALzMÉXICO24aDERECHOS SOCIALESzMÉXICO